000 00754nam a22001817a 4500
003 UA-OsUOA
001 10149
007 ta
008 20041229b un ||||| |||| 00| 0 ukr d
100 _aФілончук О.
942 _cSA
040 _aUA-OsUOA
_cUA-OsUOA
_dUA-OsUOA
245 _a"Ми вболіваємо за державу, добробут і безпеку людей..."
_b[Про роботу ветеринарів розповідає начальник упр. вет. медицини в Рівнен. обл. О.А. Філончук / Розмовляв О. Бялий]
300 _aС.11
955 _a0
773 0 _w0
_tВільне слово
_dРівне
_d2004
_g№98/24 груд./
650 7 _aВетеринарія
_2UDC
999 _c296310
_d296310